000 01025nac a22002411u 4500
090 _c7598
008 090203t1994 xxu||||| |||| 00| 0 eng d
010 _a93020536
020 _a0070178445 (acid-free paper)
020 _a0071125906
082 0 0 _a339
_bDOR
100 _aDornbusch, Rudiger.
245 1 0 _aMacroeconomics /
_cRudiger Dornbusch, Stanley Fischer.
250 _a6th ed.
_bInternational Edition.
260 _aNew York :
_bMcGraw-Hill,
_cc1994.
300 _axxi, 635, 13, 24 p. :
_bill. ;
_c25 cm.
504 _aIncludes bibliographical references and index.
650 0 _aMacroeconomics.
700 1 _aFischer, Stanley.
942 _cBB
_k339DOR
_2ddc
999 _c7598
_d7598